000 00943nam a2200205Ia 4500
001 15623
003 GE_BSU
008 181216s||||||||xx |||||||||||||| ||und||
040 _cGE_BSU
080 _a821.161.1
100 _aგოგოლი, ნ.ვ.
245 _aრჩეული ნაწერები : 2 ტომად. ტ. 1
245 _cრედ. გ. ქიქოძე. კ. ჭიჭინაძე. ს. კლდიაშვილი. ნ. ანანიაშვილი. მხ. ი. გროგოლია
260 _aთბილისი
260 _bსახელგამი
260 _c1955
300 _a519 გვ.20სმ.1 ფ. პორტრ
653 _aსაღამოები დიკანკის მახლობელ ხუტორში; მირგოროდი; პეტერბურგის მოთხრობები; რევიზორი
942 _cBK
999 _c48723
_d48723